000 00695nam a22002417a 4500
003 UA-OsUOA
001 72113
007 ta
008 20101223b un ||||| |||| 00| 0 ukr d
100 _aВойчишин Ю.
090 _a82.09
_bВ65
942 _cBK
040 _aUA-OsUOA
_bukr
_cUA-OsUOA
_dUA-OsUOA
245 _a"Ярий крик і біль тужавий..."
_bпоетична особистість Євгена Маланюка
300 _a160 с.
955 _a2
041 _aukr
080 _a82.09
020 _a5-325-00303-8
260 _aК.
_bЛибідь
_c1993
650 7 _a82 Література. Літературознавство
_2UDC
999 _c358399
_d358399